000 00818nam a2200241Ia 4500
003 OSt
005 20220923224325.0
006 a|||||r|||| 00| 0
007 ta
008 220922b |||||||| |||| 00| 0 mar d
024 _a231,153
037 _cTextual
040 _aARTS
_cARTS
_bmar
041 _2mar
_amar
082 _aO155,2NEL,VR, M7
100 _aएलकुंचवार, महेश; वसंत देव, अनु.
_9167907
245 0 _aविरासत
246 _aVirāsata
260 _aनयी दिल्ली
_b विद्या प्रकाशन मन्दिर
_c1987
300 _a86पृ0
_ccm.
942 _hO155,2NEL,VR, M7
_cTEXL
_2CC
999 _c370654
_d370654